00430nam a22001457a 4500020001800000082001400018100002000032245003100052260004200083300000800125650001000133942000700143952011700150999001700267 a9788231158954 a297.1 LYO aLyons, Jonathan aIslam through Western Eyes aN Y bColumbia University Pressc2014 a260 aIslam cBK 00104070aHMIbHMId2016-04-11eFlipkartg1419.00l1o297.1 LYOp25069r2019-10-17s2019-09-24w2016-04-11yBK c20043d20043